000 00621cam a22002173a 4500
001 43787
003 PGUSA
005 20140828084009.0
008 130921s2013||||xxu|||||s|||||000 | eng d
040 _aPGUSA
_beng
042 _adc
100 1 _aBazin, René,
_d1853-1932
245 1 0 _aMadame Corentine
_h[electronic resource] /
_cRené Bazin
260 _bProject Gutenberg,
_c2013
506 _aPublic domain in the USA.
516 _aElectronic text
700 1 _aBrock, C. E.
_q(Charles Edmund),
_d1870-1938
830 0 _aProject Gutenberg
_v43787
856 4 0 _uhttp://www.gutenberg.org/ebooks/43787
942 _cEB
999 _c273038
_d273038